000 01465nam a2200361 c 4500
003 BLK
005 20250712110940.0
008 180408b bul|||||r ||||||| ||bul||
010 _aKNG00096332000
020 _a978-954-769-272-5
_bиздат.: Обсидиан
040 _aBLK
041 _aBUL
_cBUL
072 7 _2bullib
_aН83
_xЧужда художествена литература Н
080 _aАмериканска литература (на САЩ)
_b821.111(73)
_x-312.4
_z821.111(73)-312.4
100 1 _aКларк, Марша
_eпърви автор
_9304470
700 1 _aАбаджиева, Красимира Светославова
_9245496
139 _aКларк, Марша
_bК 63
245 1 0 _aВиновен до доказване на противното
_bРоман
_cМарша Кларк; прев. от англ. Красимира Светославова Абаджиева.
257 _aUSA
260 София
_bОбсидиан
_c2011
_fВ. Търново : Абагар
300 _a336 с.
_c20 см
380 _aX
500 _aОриг. загл. Guilt By Association / Marcia Clark.
653 _aкрими
653 _aромани
659 _aН
852 _aЦб 254726
856 4 _qpdf
_u
856 4 _qpdf
_u
942 _cKNG
_n0
_069
944 _aCR
_c04.04.2012
_lГеновева Генчева
_k30560
944 _aED
_c24.08.2015
_lф /
_kПенка_Димитрова
999 _c91575
_d91575